مكتبة جامعة عجلون الوطنية

فهرس بحث المكتبة

Normal view MARC view
  • الأطفال التوحديين -- تعليم

Entry Topical Term

Number of records used in: 1

001 - CONTROL NUMBER

  • control field: 52232

003 - CONTROL NUMBER IDENTIFIER

  • control field: JO-AjAnu

005 - DATE AND TIME OF LATEST TRANSACTION

  • control field: 20230606082604.0

008 - FIXED-LENGTH DATA ELEMENTS

  • fixed length control field: 230606|| aca||aabn | a|a d

040 ## - CATALOGING SOURCE

  • Original cataloging agency: JO-AjAnu
  • Transcribing agency: JO-AjAnu

150 ## - HEADING--TOPICAL TERM

  • Topical term or geographic name entry element: الأطفال التوحديين -- تعليم

670 ## - SOURCE DATA FOUND

  • Source citation: Work cat.: (JO-AjAnu)26693: إعداد فاطمة يوسف عوض النجار؛ إشراف سعيد رشيد الأعظمي, author 52231, تقييم كفايات معلمي ذوي اضطراب طيف التوحد في ضوء معايير الممارسة المهنية من مجلس الأطفال غير العاديين في عينة أردنية